00922nam a2200241 a 450000100060000000300090000600800410001502000180005604000280007404100080010210000220011024500950013225000110022726000320023830000110027049000170028150502270029865000220052565000340054765000300058165000350061170000340064625864CO-ViMGA141112s2004 ck r 000 u spa d a9789585810921 aCO-ViMGAbspacCO-ViMGA aSPA1 aSaki, 1870 - 191610aDoce cuentos malévolos / cSaki ; traducción, prólogo y notas de José Luis Piquero a1a ed. aBogotá : bNavona, c2013 a106 p. aReencuentros aEl casamiento - - El bastidor - - La guirnalda - - La oferta de paz - - La paz de Mowsle Barton - - El himno - - Brogue - - La tregua - - El punto muerto - - Crepúsculo - - Un toque de realismo - - La fiesta de Némesis14aAUTORES BIRMANOS 14aCUENTOS BIRMANOS - SIGLO XIX 14aHUMOR NEGRO (LITERATURA) 14aLITERATURA BIRMANA - SIGLO XIX1 aPiquero, José Luis, 1967 -